Statistics for Most Populated US Cities In US States Beginning with 'K'

Click here to take the quiz!

General Stats

  • This quiz has been taken 21 times
  • The average score is 5 of 7

Answer Stats

PopAnswer% Correct
154545Kansas City
95%
698524Louisville
84%
395699Wichita
84%
321793Lexington
79%
125963Topeka
74%
197106Overland Park
47%
143014Olathe
37%

Score Distribution

Percentile by Number Answered

Percent of People with Each Score

Your Score History

You have not taken this quiz